| 000 | 00614nam a22002177a 4500 | ||
|---|---|---|---|
| 001 | 00028603 | ||
| 005 | 20260319154909.0 | ||
| 008 | 260319b ag ||||| |||| 00| 0 spa d | ||
| 020 | _a8448706803 | ||
| 040 |
_aAR-CcCEOS _bspa _cAR-CcCEOS |
||
| 041 | _aspa | ||
| 080 | _a860-3 | ||
| 090 | _bMAD | ||
| 100 | 1 |
_aMadariaga, Salvador de, _d1886-1978 _9935 |
|
| 245 |
_aEl corazón de piedra verde (3) / _cSalvador de Madariaga |
||
| 264 |
_aBuenos Aires : _bSudamericana, _cc1997. |
||
| 300 |
_a832 p. ; _c24x15 cm. |
||
| 490 | _vNovela histórica ; 40 | ||
| 655 | 0 |
_aNOVELA HISTORICA _916 |
|
| 942 |
_2udc _cBK _n0 |
||
| 999 |
_c28633 _d28633 |
||